The early factory legislation : a study in legislative and administrative evolution.

Bibliographic Details
Main Author: Thomas, Maurice Walton
Format: Book
Language:English
Published: Leigh-on-Sea, Essex : Thames Bank Pub. Co., 1948.
Subjects:

MARC

Tag First Indicator Second Indicator Subfields
LEADER 00000cam a2200000 i 4500
001 in00000064809
005 20151008050715.0
008 781113s1948 enkab b 00110 eng d
010 |a  48021319  
035 |a (OCoLC)04365791 
035 |9 AAG2786AM 
040 |a MST  |c MST  |d TXA  |d UtOrBLW 
043 |a e-uk--- 
049 |a TXAM  |c [187533] 
050 0 |a KD3009  |b .T4 
092 |a 330.9  |b T459e 
100 1 |a Thomas, Maurice Walton. 
245 1 4 |a The early factory legislation :  |b a study in legislative and administrative evolution. 
264 1 |a Leigh-on-Sea, Essex :  |b Thames Bank Pub. Co.,  |c 1948. 
300 |a xiii, 470 pages :  |b maps, portraits ;  |c 22 cm. 
336 |a text  |b txt  |2 rdacontent 
337 |a unmediated  |b n  |2 rdamedia 
338 |a volume  |b nc  |2 rdacarrier 
500 |a Includes index. 
504 |a Bibliography: pages 432-445. 
650 0 |a Factory laws and legislation  |z Great Britain. 
999 |a MARS 
999 f f |s 7c2037d4-51e9-3bb1-a356-991fd72a5f42  |i 9cf9aafc-c736-3ba4-bffa-731d380e0470  |t 0 
952 f f |p ric  |a Texas A&M University  |b Rellis Campus  |c Joint Library Facility  |d Remote Storage  |t 0  |e KD3009 .T4  |h Library of Congress classification  |i unmediated -- volume  |m A14800699084 
998 f f |a KD3009 .T4  |t 0  |l Remote Storage